Представление документа в формате RUSMARC

ПолеНазваниеЗначение
  Тип записи a
  Библиографический уровень a
001 Контрольный номер RU/CBS_UL/BASE/14bcaedc5fe54cee8b295db264fc8711
005 Дата корректировки 20241016111210.6
100 Данные общей обработки __
a Данные общей обработки 20241016 ||| 0rusy0189 ca
101 Язык документа 0_
a Язык текста rus
102 Страна публикации __
a Страна публикации RU
200 Заглавие и сведения об ответственности 1_
a Заглавие Круглый непоседа - колобок!
e Сведения, относящиеся к заглавию [о сказочном герое, символе Ульяновской области - Колобке]
300 Общие примечания __
a Общие примечания 0+
461 Уровень набора _0
1 2000
a Симбик
463 Уровень физической единицы _0
1 2000
a № 9
v С. 18-19 : ил.
1 2101
d 2024
1 001RU/CBS_UL/BASE/19613b32da0d49d19ee2db8c6a4a4e71
600 Персоналии _1
a Персоналии (Фамилия) Петров
b Персоналии (Имя, инициалы) С. Б.
606 Тематические рубрики 0_
a Основная рубрика Символы Ульяновской области
610 Ключевые слова 0_
a Ключевые слова символы
610 Ключевые слова 0_
a Ключевые слова символы Ульяновской области
610 Ключевые слова 0_
a Ключевые слова сказочные герои
610 Ключевые слова 0_
a Ключевые слова Колобок (символы)
610 Ключевые слова 0_
a Ключевые слова Колебятко (сказочные герои)
610 Ключевые слова 0_
a Ключевые слова герои русских сказок
686 Индексы других классификаций __
2 Код системы rubbk
a Классификационный индекс 82
801 Источник записи _0
a Страна RU
b Организация МБУК ЦБС г. Ульяновска
c Дата составления 20241016
g Правила каталогизации RCR
801 Источник записи _1
a Страна RU
b Организация МБУК ЦБС г. Ульяновска
c Дата составления 20241016
g Правила каталогизации RCR
901 Тип документа __
t Тип документа b
w Контрольный № источника RU/CBS_UL/BASE/19613b32da0d49d19ee2db8c6a4a4e71
909 Создатель записи __
a Создатель записи oibd1